Diseño y aplicación de recursos facilitadores del aprendizaje

Gardado en:
Detalles Bibliográficos
Autor Principal: Guzmán Palacios, Luis Alberto (autor)
Formato: Libro
Idioma:Lingua castelá
Publicado: Valparaíso Universidad de Playa Ancha 2000
Series:Pedagogía en Educación Básica
Subjects:
Tags: Engadir etiqueta
Sen Etiquetas, Sexa o primeiro en etiquetar este rexistro!

MARC

LEADER 00000nam a2200000 a 4500
001 UCN0854
003 CL-VaPUC
008 010406e20000000CL |||||||||||||||||spa|d
082 0 4 |a 375.001  |b GUZ  |2 21 
100 |a Guzmán Palacios, Luis Alberto  |e autor  |9 801041 
245 1 0 |a Diseño y aplicación de recursos facilitadores del aprendizaje 
300 |a 230 p 
942 |c BK 
945 |d 20010406 00:00:00  |a cmena 
260 |a Valparaíso  |b Universidad de Playa Ancha  |c 2000 
650 0 |a Currículo  |9 307290 
650 0 |a Planificación del currículo  |9 269599 
650 0 |a Recursos educacionales   |9 283370 
650 0 |a Métodos de enseñanza  |9 270413 
650 0 |a Educación básica   |9 224933 
583 |a last modification  |c 20010406 00:00:00  |k Rodrigo Vera 
490 0 |a Pedagogía en Educación Básica 
999 |c 294471  |d 294469 
952 |0 0  |1 0  |4 0  |6 375_001000000000000_GUZ_2000  |7 0  |8 A  |9 346936  |a BIBTEO  |b BIBTEO  |d 2019-11-20  |i 3650189  |o 375.001 GUZ 2000  |p 3650189  |r 2025-01-17  |w 2019-11-20  |y BK  |k ICR 
952 |0 0  |1 0  |4 0  |6 375_001000000000000_GUZ_2000  |7 0  |8 A  |9 346937  |a BIBTEO  |b BIBTEO  |d 2019-11-20  |i 3650170  |o 375.001 GUZ 2000  |p 3650170  |r 2025-01-17  |w 2019-11-20  |y BK  |k ICR